000 01050nam a2200253 a 4500
005 20260112063228.0
020 _a0195691652
039 _a202111051245
_bstaff
_c201302191713
_d staff
_c200907310422
_d staff
_y 200907310421
_z staff
050 _a174.7
_bCRA
082 _a174.7
_bCRA [ Shelf 16 ]
100 _aCrane, Andrew,
_d 1968-
245 _aBusiness ethics :
_bmanaging corporate citizenship and sustainability in the age of globalization /
_cAndrew Crane, Dirk Matten.
250 _a2nd ed.
260 _aOxford ;
_aNew York :
_bOxford University Press,
_c2007.
300 _axxiii, 566 p. :
_bill. ;
_c25 cm.
500 _aUpdated ed. of Business ethics, a European perspective.
504 _aIncludes bibliographical references (p. [523]-547) and indexes.
650 _aBusiness ethics.
700 _aMatten, Dirk.
700 _aCrane, Andrew,
_d 1968-
_t Business ethics, a European perspective.
991 _aVIRTUA40
991 _aVTLSSORT0080*0200*0500*0820*1000*2450*2500*2600*3000*5000*5040*6500*7000*7001*9992
909 _a740
999 _c732
_d732